The waterfall (Record no. 14)

MARC details
000 -LEADER
fixed length control field 01204nam a22003137a 4500
001 - CONTROL NUMBER
control field 14
003 - CONTROL NUMBER IDENTIFIER
control field FISKH
005 - DATE AND TIME OF LATEST TRANSACTION
control field 20230220170348.0
008 - FIXED-LENGTH DATA ELEMENTS--GENERAL INFORMATION
fixed length control field 230220b cb ||||| |||| 00| 0 eng d
020 ## - INTERNATIONAL STANDARD BOOK NUMBER
International Standard Book Number 0958340579
040 ## - CATALOGING SOURCE
Original cataloging agency FISKH
Transcribing agency FISKH
Language of cataloging eng
Modifying agency FISKH
050 ## - LIBRARY OF CONGRESS CALL NUMBER
Classification number PZ7
Item number .L326 1995
082 ## - DEWEY DECIMAL CLASSIFICATION NUMBER
Classification number 796.42082
100 ## - MAIN ENTRY--PERSONAL NAME
Personal name Lasenby, Jack.
Dates associated with a name 1931-2019
245 ## - TITLE STATEMENT
Title The waterfall
Statement of responsibility, etc. Jack Lasenby
260 ## - PUBLICATION, DISTRIBUTION, ETC.
Place of publication, distribution, etc. Dunedin
Name of publisher, distributor, etc. Longacre Press
Date of publication, distribution, etc. 1996
300 ## - PHYSICAL DESCRIPTION
Extent 192 p.
Other physical details map
Dimensions 19 cm.
500 ## - GENERAL NOTE
General note "Stand-alone sequel to Dead man's head"--Back cover.
500 ## - GENERAL NOTE
General note "Published with the assistance of Creative New Zealand"--T.p. verso.
520 ## - SUMMARY, ETC.
Summary, etc. The Seddon Street gang are back. Denny, Polly, Bob, Pete and Joe have been packed off to Uncle Ted's farm. There's plenty to do: riding horses; avoiding the ferocious bull; spying on swaggers; getting lost. But the gang discover something going on in the dark of the bush.<br/>
521 ## - TARGET AUDIENCE NOTE
Target audience note 670
Source FISKH
521 ## - TARGET AUDIENCE NOTE
Target audience note Q
Source Raz-Paz
586 ## - AWARDS NOTE
Awards note AIM Children's Book Awards, Junior Fiction Winner 1996
650 ## - SUBJECT ADDED ENTRY--TOPICAL TERM
Topical term or geographic name entry element Country life
Geographic subdivision New Zealand fiction
650 ## - SUBJECT ADDED ENTRY--TOPICAL TERM
Topical term or geographic name entry element Adventure stories
650 ## - SUBJECT ADDED ENTRY--TOPICAL TERM
Topical term or geographic name entry element Rural life
650 ## - SUBJECT ADDED ENTRY--TOPICAL TERM
Topical term or geographic name entry element Manners and customs
942 ## - ADDED ENTRY ELEMENTS (KOHA)
Source of classification or shelving scheme Dewey Decimal Classification
Koha item type Books
Suppress in OPAC No
Holdings
Withdrawn status Lost status Source of classification or shelving scheme Damaged status Not for loan Collection Home library Current library Shelving location Date acquired Total Checkouts Full call number Barcode Date last seen Price effective from Koha item type
    Dewey Decimal Classification     Juvenile Fiction Footprints International School Library Network Toul Kork Campus Footprints International School Library Network Toul Kork Campus TK Primary Library Room(4th Floor), Bookcase 5&6, Shelves 33-56, Orange Books 01/05/2023   LAS 796.42082 PZ7.L326 1995 FISTK05203 02/07/2023 01/05/2023 Books